|
|
|
|
| LEADER |
00853nam a2200217 i 4500 |
| 003 |
GR-PaULI |
| 005 |
20211110142325.0 |
| 008 |
211110t2013 enga|||f |||| 000 0 eng d |
| 952 |
|
|
|0 0
|1 0
|2 ddc
|4 0
|6 526_000000000000000_KUR
|7 0
|9 341339
|a ARCH
|b ARCH
|c BSC
|d 2021-11-10
|i 011131
|l 0
|o 526 KUR
|p 025000203786
|r 2021-11-10 00:00:00
|t 1
|w 2021-11-10
|y BK15
|
| 999 |
|
|
|c 195806
|d 195806
|
| 020 |
|
|
|a 9781935408284
|
| 040 |
|
|
|a GR-PaULI
|b gre
|c GR-PaULI
|e AACR2
|
| 082 |
0 |
4 |
|2 23
|a 526
|
| 100 |
1 |
|
|9 188458
|a Kurgan, Laura
|e συγγραφέας.
|
| 245 |
1 |
0 |
|a Close up at adistance :
|b mapping, technology, and politics /
|c Laura Kurgan.
|
| 260 |
|
|
|a New York :
|b Zone Books,
|c 2013.
|
| 300 |
|
|
|a 228 σ. :
|b εικ. ;
|c 24 εκ.
|
| 650 |
|
4 |
|9 64738
|a Μαθηματική γεωγραφία
|
| 650 |
|
4 |
|9 64447
|a Γεωδαισία
|
| 942 |
|
|
|2 ddc
|c BK15
|
| 998 |
|
|
|c ΒΑΣΙΛΕΙΟΥ
|d 2021-11
|